La Iglesia en México : estructuras eclesiásticas /

Guardat en:
Dades bibliogràfiques
Autor principal: Ramos, Rutilio (autor)
Altres autors: Alonso, Isidoro (autor) (autor), Garre, Domingo (autor) (autor)
Format: Llibre
Idioma:espanyol
Publicat: Bogotá, Colombia : Madrid, España : Federación Internacional de los Institutos Católicos de Investigaciones Sociales y Socio-religiosas ; Obra de Cooperación Sacerdotal Hispanoamericana, 1963, c1963
Col·lecció:(Estudios Socio-Religiosos Latinoamericanos ; 7)
Matèries:
Etiquetes: Afegir etiqueta
Sense etiquetes, Sigues el primer a etiquetar aquest registre!

MARC

LEADER 00000nam^a2200000^a^4500
001 000449759
005 20250521000000.0
009 20260526145357.029
037 |a Acervo ITESO - Biblioteca 
041 |a ESP 
082 |a 282. 72  |b RAM 
100 |a Ramos, Rutilio  |e (autor) 
245 1 3 |a La Iglesia en México :  |b estructuras eclesiásticas /  |c R. Ramos, I. Alonso, D. Garre. 
264 4 |a Bogotá, Colombia :  |b Federación Internacional de los Institutos Católicos de Investigaciones Sociales y Socio-religiosas ;  |a Madrid, España :  |b Obra de Cooperación Sacerdotal Hispanoamericana,  |c 1963, c1963 
300 |a 119 p. 
336 |a texto  |b txt  |2 rdacontenido 
337 |a sin mediación  |b n  |2 rdamedio 
338 |a volumen  |b nc  |2 rdasoporte 
440 1 |a (Estudios Socio-Religiosos Latinoamericanos ;  |v 7) 
649 |a XX 
650 |a Clero -  |z México -  |x Tema Principal 
650 |a Iglesia Católica -  |b Jerarquía 
650 |a Iglesia Católica -  |b Gobierno 
650 |a Iglesia Católica -  |x Miembros 
650 |a Iglesia Católica en México -  |x Tema Principal 
650 |a Eclesiología 
650 |a Catolicismo 
650 |a Cristianismo 
650 |a Religión 
700 |a Alonso, Isidoro  |e (autor) 
700 |a Garre, Domingo  |e (autor) 
910 |a Fondo Efraín González Morfín 
920 |a Impresos - Libros 
930 |a Fondos Especiales 
905 |a 130 
901 |a 0500374049  |b IT2  |c ESL  |i D92660  |u 20250521 
902 |a https://opac.biblio.iteso.mx/vufind/Record/000449759